| 000 | 01182njm a22002897a 4500 | ||
|---|---|---|---|
| 005 | 20100914105042.0 | ||
| 006 | a|||||r|||||00| 0 | ||
| 007 | sd ammalaaahaa | ||
| 008 | 100909t xxu||||| |||| 00| 0 eng d | ||
| 028 |
_a7EPE 7021 _bEMI |
||
| 035 | _aGR-02272 | ||
| 040 |
_aSED _cSED |
||
| 100 |
_917690 _aMangeshkar,Lata |
||
| 245 |
_aMy friends / _csung by Lata Mangeshkar; Music by Naushad; Lyric by Hasrat Jaipuri _h[Sound Recording] : |
||
| 246 | _a माय फ्रिएंड्स / | ||
| 260 |
_aDum Dum, India _bEMI _c1973 |
||
| 300 |
_a1 sound disc (Gramophone Recording) _banalog, 45 rpm _c7.5 in. (SP) _fGramophone Record |
||
| 500 | _aBrief Record | ||
| 500 | _aRecords Labels :EMI,RED | ||
| 505 | _aSide1 तुम को अगर मैं ने ( Tum ko Agar Main Ne ) (Lata Mangeshkar) Side 2 दुनिया मचाए शोर (Duniya Machae Shor) (Lata Mangeshkar) . | ||
| 600 |
_aMangeshkar,Lata _919802 |
||
| 650 |
_aFilm Songs _xExcerpts _zIndia _917691 |
||
| 700 |
_aNaushad _919192 |
||
| 700 |
_aHasrat Jaipuri _919871 |
||
| 942 |
_2ddc _cGR |
||
| 999 |
_c45569 _d45569 |
||